Datos sobre escritores mallorquines o vinculados a Mallorca existentes en mi archivo / (Record no. 49308)
[ view plain ]
| 000 -LEADER | |
|---|---|
| campo de control de longitud fija | 00927nam a2200217 i 4500 |
| 001 - NÚMERO DE CONTROL | |
| campo de control | 49308 |
| 003 - IDENTIFICADOR DE NÚMERO DE CONTROL | |
| campo de control | ES-MaACL |
| 005 - FECHA Y HORA DE LA ÚLTIMA TRANSACCIÓN | |
| campo de control | 20250712062546.0 |
| 007 - CAMPO FIJO DE DESCRIPCIÓN FÍSICA--INFORMACIÓN GENERAL | |
| campo de control de longitud fija | t| |
| 008 - DATOS DE LONGITUD FIJA--INFORMACIÓN GENERAL | |
| campo de control de longitud fija | 030714s1960 sp ||||1| spa d |
| 080 ## - NÚMERO DE LA CLASIFICACIÓN DECIMAL UNIVERSAL | |
| Número de la Clasificación Decimal Universal | 016:929(460.32) |
| 100 1# - ENTRADA PRINCIPAL--NOMBRE DE PERSONA | |
| Nombre de persona | Cortés y Cruells, Rafael Ignacio. |
| 9 (RLIN) | 40909 |
| 245 10 - MENCIÓN DEL TÍTULO | |
| Título | Datos sobre escritores mallorquines o vinculados a Mallorca existentes en mi archivo / |
| Mención de responsabilidad, etc. | Rafael Ignacio Cortés y Cruells ; prólogo de Camilo José Cela ; dibujos a plumilla por la niña de 13 años Mª de la Concepción Cortés "Chitín". |
| 260 ## - PUBLICACIÓN, DISTRIBUCIÓN, ETC. | |
| Lugar de publicación, distribución, etc. | Palma de Mallorca : |
| Nombre del editor, distribuidor, etc. | [s.n.], |
| Fecha de publicación, distribución, etc. | 1960 ( |
| Fabricante | Imp. Mossèn Alcover) |
| 300 ## - DESCRIPCIÓN FÍSICA | |
| Extensión | 182 p., 32 lám. : |
| Otras características físicas | il., 1 mapa ; |
| Dimensiones | 27 cm. |
| 650 #4 - PUNTO DE ACCESO ADICIONAL DE MATERIA--TÉRMINO DE MATERIA | |
| Término de materia o nombre geográfico como elemento de entrada | Escritores españoles- |
| Subdivisión geográfica | Mallorca- |
| Subdivisión de forma | Biobibliografías. |
| 9 (RLIN) | 174022 |
| 700 1# - ENTRADA AGREGADA--NOMBRE PERSONAL | |
| Nombre de persona | Cela, Camilo José, |
| Fechas asociadas al nombre | 1916-2002 |
| 9 (RLIN) | 37336 |
| 700 1# - ENTRADA AGREGADA--NOMBRE PERSONAL | |
| Nombre de persona | Cortés, María de la Concepción. |
| 9 (RLIN) | 40870 |
| 852 4# - LOCALIZACIÓN | |
| Ubicación | ES-MaACL |
| Número de control de estantería | G-4490 |
| Estatus retirado | Estado de pérdida | Estado de daño | No para préstamo | Biblioteca de origen | Biblioteca actual | Ubicación en estantería | Fecha de adquisición | Fuente de adquisición | Total de préstamos | Signatura topográfica completa | Código de barras | Visto por última vez | Precio de reemplazo | Tipo de ítem Koha |
|---|---|---|---|---|---|---|---|---|---|---|---|---|---|---|
| Biblioteca del Ateneo de Madrid | Biblioteca del Ateneo de Madrid | Depósito 2 | 17/01/2008 | G-4490 | 1051886 | 23/02/2023 | 23/02/2023 | Libro impreso |
